Comentarios al Código de Derecho Canónico, con el texto legal latino y castellano. (Record no. 171238)

MARC details
000 -LEADER
campo de control de longitud fija 01039nam a2200241 i 4500
001 - NÚMERO DE CONTROL
campo de control 171238
003 - IDENTIFICADOR DE NÚMERO DE CONTROL
campo de control ES-MaACL
005 - FECHA Y HORA DE LA ÚLTIMA TRANSACCIÓN
campo de control 20250830080437.0
008 - DATOS DE LONGITUD FIJA--INFORMACIÓN GENERAL
campo de control de longitud fija 090506s1963 sp |||| | spa d
017 ## - NÚMERO DE COPYRIGHT O DE DEPÓSITO LEGAL
Número de copyright o de depósito legal M 679-1963
100 1# - ENTRADA PRINCIPAL--NOMBRE DE PERSONA
Nombre de persona Cabreros de Anta, Marcelino
9 (RLIN) 33327
245 10 - MENCIÓN DEL TÍTULO
Título Comentarios al Código de Derecho Canónico, con el texto legal latino y castellano.
Número de parte o sección de la obra I,
Nombre de parte o sección de la obra Cánones 1-681 /
Mención de responsabilidad, etc. por Marcelino Cabreros de Anta, Arturo Alonso Lobo, Sabino Alonso Morán ; prólogo de Francisco Barbado Viejo.
260 ## - PUBLICACIÓN, DISTRIBUCIÓN, ETC.
Lugar de publicación, distribución, etc. Madrid :
Nombre del editor, distribuidor, etc. La Editorial Católica,
Fecha de publicación, distribución, etc. 1963.
300 ## - DESCRIPCIÓN FÍSICA
Extensión XXIV, 963 p. ;
Dimensiones 20 cm.
490 1# - MENCIÓN DE SERIE
Mención de serie Biblioteca de autores cristianos ;
Designación de volumen o secuencia 223
700 0# - ENTRADA AGREGADA--NOMBRE PERSONAL
Nombre de persona Alonso Lobo, Arturo.
9 (RLIN) 20347
700 1# - ENTRADA AGREGADA--NOMBRE PERSONAL
Nombre de persona Alonso Morán, Sabino,
Fechas asociadas al nombre 1890-
9 (RLIN) 20365
700 1# - ENTRADA AGREGADA--NOMBRE PERSONAL
Nombre de persona Barbado Viejo, Francisco,
Títulos y otros términos asociados al nombre Obispo de Salamanca.
9 (RLIN) 139678
710 2# - ENTRADA AGREGADA--NOMBRE DE ENTIDAD CORPORATIVA
Nombre de entidad corporativa o nombre de jurisdicción como elemento de entrada Iglesia Católica.
Título de la obra Codex juris canonici, 1917
9 (RLIN) 140039
830 00 - PUNTO DE ACCESO ADICIONAL DE SERIE-TÍTULO UNIFORME
Título uniforme Biblioteca de autores cristianos
Designación de volumen o secuencia 223
9 (RLIN) 178679
852 ## - LOCALIZACIÓN
Ubicación ES-MaACL
Número de control de estantería J-218
itemnumber R.46092
Holdings
Estatus retirado Estado de pérdida Estado de daño No para préstamo Biblioteca de origen Biblioteca actual Ubicación en estantería Fecha de adquisición Fuente de adquisición Total de préstamos Signatura topográfica completa Código de barras Visto por última vez Precio de reemplazo Tipo de ítem Koha
        Biblioteca del Ateneo de Madrid Biblioteca del Ateneo de Madrid Depósito 2 06/05/2009     J-218 1179705 23/02/2023 23/02/2023 Libro impreso